Catálogo Biblioteca Central

Implicaciones del componente motivacional sobre la lucha contra el crimen organizado = (Registro nro. 232595)

Detalles MARC
000 -CABECERA
campo de control de longitud fija 00811naa a22002057i 4500
001 - NÚMERO DE CONTROL
campo de control 232595
003 - IDENTIFICADOR DEL NÚMERO DE CONTROL
campo de control ES-MaBCM
005 - FECHA Y HORA DE LA ÚLTIMA TRANSACCIÓN
campo de control 20260304143143.0
008 - CÓDIGOS DE INFORMACIÓN DE LONGITUD FIJA
campo de control de longitud fija 260304s2025 sp ||||| |||| 00| 0 spa d
040 ## - FUENTE DE LA CATALOGACIÓN
Centro transcriptor ES-MaBCM
100 1# - PUNTO DE ACCESO PRINCIPAL - NOMBRE DE PERSONA
Nombre de persona Ramos Josa, Pedro Francisco
9 (RLIN) 124401
245 10 - MENCIÓN DE TÍTULO
Título Implicaciones del componente motivacional sobre la lucha contra el crimen organizado =
Resto del título Implications of the motivational component on the fight against organized crime
Mención de responsabilidad etc. Pedro Francisco Ramos Josa
500 ## - NOTA GENERAL
Nota general Contiene tablas
500 ## - NOTA GENERAL
Nota general Contiene gráficos
504 ## - NOTA DE BIBLIOGRAFÍA, ETC.
Nota de bibliografía etc. Incluye bibliografía
650 #0 - PUNTO DE ACCESO ADICIONAL DE MATERIA--TÉRMINO DE MATERIA
Término de materia o nombre geográfico como elemento inicial Crimen organizado
9 (RLIN) 124860
650 #7 - PUNTO DE ACCESO ADICIONAL DE MATERIA--TÉRMINO DE MATERIA
Término de materia o nombre geográfico como elemento inicial Derecho penal
9 (RLIN) 58346
773 0# - ENLACE AL DOCUMENTO FUENTE
Lugar editor y fecha de publicación Sevilla
Parte(s) relacionada(s) Vol. 10, n. 1 (2025), 21 p. - Loc. En línea
Título Revista de pensamiento estratégico y seguridad CISDE
Número de control del registro relacionado 214290
942 ## - ELEMENTOS DE PUNTO DE ACCESO ADICIONAL (KOHA)
Fuente del sistema de clasificación o colocación Universal Decimal Classification
Tipo de ítem Koha Artículos de revistas
Existencias
Estado de retiro Estado de pérdida Fuente del sistema de clasificación o colocación Estado dañado No para préstamo Localización permanente Ubicación/localización actual Ubicación en estantería Fecha de adquisición Total de préstamos Fecha visto por última vez Precio válido a partir de Tipo de ítem Koha
    Universal Decimal Classification     Biblioteca Central del Ministerio de la Presidencia Biblioteca Central del Ministerio de la Presidencia Sala 04/03/2026   04/03/2026 04/03/2026 Artículos de revistas